[Event "3rd Livigno Open A"]
[Site "Livigno ITA"]
[Date "2012.09.14"]
[Round "6.4"]
[White "Volkov, Sergey1"]
[Black "Polak, T"]
[Result "1-0"]
[WhiteElo "2575"]
[BlackElo "2522"]
[EventDate "2012.09.10"]

1. d4 Nf6 2. c4 e6 3. Nc3 d5 4. cxd5 exd5 5. Bg5 c6 6. e3 Be7 7. Qc2 Bg4 
8. Bd3 Bh5 9. Nf3 Bg6 10. Ne5 Bxd3 11. Nxd3 Nbd7 12. O-O O-O 13. b4 Rc8 
14. Rfc1 a6 15. Na4 Ne4 16. Bxe7 Qxe7 17. Nac5 Nd6 18. Nxd7 Qxd7 19. a4 
Rfe8 20. Ra2 Rcd8 21. h3 f6 22. Qc3 Qf7 23. Rac2 Re7 24. Nc5 Rde8 25. Qd3 
Qh5 26. Qe2 Qg5 27. Qg4 h6 28. g3 Kf7 29. Kg2 Rd8 30. Qf3 h5 31. Nd3 h4 
32. Qf4 Qxf4 33. gxf4 Kg6 34. Kf3 Kf5 35. Rg1 Rde8 36. Rg4 Nc4 37. Re2 g5 
38. a5 Rf8 39. Re1 Rff7 40. Reg1 Rg7 41. Ke2 Nd6 42. Ne1 Rg6 43. Nf3 Reg7 
44. Rxh4 gxf4 45. Rxf4+ Ke6 46. Rxg6 Rxg6 47. Rh4 Rg7 48. Ne1 Rg1 49. Rh8 
Ne4 50. Nd3 Ra1 51. Kf3 Ra3 52. Nf4+ Kd6 53. h4 Ra2 54. Nh3 Rb2 55. h5 Ke6
56. Rb8 1-0

[Event "40th Olympiad Open"]
[Site "Istanbul TUR"]
[Date "2012.08.29"]
[Round "2.12"]
[White "Navara, D"]
[Black "Ipatov, Alexander"]
[Result "1/2-1/2"]
[WhiteElo "2691"]
[BlackElo "2577"]
[EventDate "2012.08.28"]

1. d4 d5 2. c4 e6 3. Nc3 Nf6 4. cxd5 exd5 5. Bg5 c6 6. e3 Be7 7. Qc2 Nbd7 
8. Bd3 O-O 9. h3 Re8 10. Nf3 Nf8 11. Bf4 a5 12. O-O Ne6 13. Bh2 g6 14. Ne5
Nd7 15. f4 Nxe5 16. fxe5 Rf8 17. Rad1 Bd7 18. Kh1 Rc8 19. e4 Be8 20. Bg1 
b5 21. Be3 b4 22. Na4 Bg5 23. Bxg5 Qxg5 24. Nc5 Qe7 25. Nxe6 fxe6 26. 
Rxf8+ Kxf8 27. exd5 exd5 28. Rc1 c5 29. Qf2+ Kg7 30. dxc5 Qxe5 31. Ba6 Rc6
32. Re1 Qf6 33. Qxf6+ Rxf6 34. Rxe8 Rxa6 35. Rd8 Rc6 36. Rxd5 Kf6 37. Kh2 
Ke6 1/2-1/2

[Event "40th Olympiad Open"]
[Site "Istanbul TUR"]
[Date "2012.08.30"]
[Round "3.24"]
[White "Sokolov, Ivan"]
[Black "Gagunashvili, M"]
[Result "1/2-1/2"]
[WhiteElo "2696"]
[BlackElo "2578"]
[EventDate "2012.08.28"]

1. d4 d5 2. c4 e6 3. Nc3 Be7 4. cxd5 exd5 5. Bf4 c6 6. Qc2 Bd6 7. Bg3 Ne7 
8. e3 Nf5 9. Bd3 Nxg3 10. hxg3 h6 11. Nf3 Be6 12. O-O-O Nd7 13. Nh4 Qa5 
14. Kb1 O-O-O 15. Nf3 Kb8 16. Nd2 Rc8 17. Nb3 Qd8 18. Na4 h5 19. Rc1 h4 
20. gxh4 Rxh4 21. Rxh4 Qxh4 22. a3 Qd8 23. Qc3 Qg5 24. Bf1 Bf5+ 25. Ka1 
Qd8 26. Na5 Ka8 27. Be2 Nf6 28. f3 Bd7 29. Nc5 Bxc5 30. dxc5 Qe7 31. Qb4 
b6 32. cxb6 Qxb4 33. axb4 axb6 34. Nb3 Kb7 35. Rc3 Ne8 36. Kb1 Nc7 37. Nd4
g6 38. Kc1 Ne6 39. Kd2 c5 40. Nb5 Bxb5 41. Bxb5 Rh8 42. Ke2 Rh1 43. bxc5 
bxc5 44. Be8 Rh7 45. Rd3 d4 46. Ra3 g5 47. Kd3 dxe3 48. Kxe3 f6 49. Bg6 
Rh2 50. Ke4 Rxg2 51. Kf5 Nd4+ 52. Kxf6 Rxb2 53. f4 1/2-1/2

[Event "40th Olympiad Open"]
[Site "Istanbul TUR"]
[Date "2012.09.03"]
[Round "6.4"]
[White "Salgado Lopez, I"]
[Black "Navara, D"]
[Result "0-1"]
[WhiteElo "2638"]
[BlackElo "2691"]
[EventDate "2012.08.28"]

1. d4 d5 2. c4 c6 3. Nf3 Nf6 4. Nc3 e6 5. Bg5 Nbd7 6. cxd5 exd5 7. e3 Be7 
8. Bd3 Ne4 9. Bf4 Ndf6 10. Qc2 O-O 11. O-O Bf5 12. Ne5 g6 13. f3 Nd6 14. 
Rad1 Bxd3 15. Rxd3 Qa5 16. Rdd1 Rac8 17. Kh1 Nb5 18. Na4 Nh5 19. Bh6 Rfe8 
20. f4 Nf6 21. f5 Ne4 22. fxg6 fxg6 23. Rf4 Nbd6 24. Nc3 Bf8 25. Bxf8 Rxf8
26. Rdf1 Nxc3 27. bxc3 Ne4 28. Rxf8+ Rxf8 29. Rxf8+ Kxf8 30. Qe2 Kg7 31. 
Qf3 Qc7 32. c4 Nd2 33. Qe2 Qb6 34. g3 Nxc4 35. Nxc4 Qb5 36. Qg4 dxc4 37. 
Qd7+ Kf6 38. Qd6+ Kf5 39. Qf4+ Ke6 40. Qe4+ Kd7 41. Qh4 c3 42. Qxh7+ Kc8 
0-1

[Event "40th Olympiad Open"]
[Site "Istanbul TUR"]
[Date "2012.09.06"]
[Round "9.3"]
[White "Fridman, D"]
[Black "Sargissian, G"]
[Result "1-0"]
[WhiteElo "2653"]
[BlackElo "2693"]
[EventDate "2012.08.28"]

1. d4 d5 2. c4 e6 3. Nc3 Be7 4. cxd5 exd5 5. Bf4 c6 6. Qc2 Nf6 7. e3 Nh5 
8. Be5 Nd7 9. Be2 Nhf6 10. Bg3 O-O 11. h3 Qa5 12. Bh4 Bb4 13. Bd3 c5 14. 
dxc5 Bxc3+ 15. Qxc3 Qxc3+ 16. bxc3 Nxc5 17. Bc2 Nce4 18. Ne2 g5 19. Bg3 
Re8 20. Bh2 b6 21. f3 Nc5 22. Kd2 Nb7 23. Nd4 Na5 24. Bd3 Bd7 25. Nb3 Nc6 
26. a4 Be6 27. Bb5 Bd7 28. Bd3 Be6 29. Rhb1 h6 30. Bb5 Bd7 31. a5 Nxa5 32.
 Nxa5 bxa5 33. Rxa5 Bxb5 34. Rbxb5 Re6 35. Rb8+ Rxb8 36. Bxb8 a6 37. Ba7 
Kf8 38. Bd4 Ke7 39. Bxf6+ Rxf6 40. Rxd5 Rd6 41. Rxd6 Kxd6 42. f4 gxf4 43. 
exf4 Kd5 44. Kd3 a5 45. g4 a4 46. g5 1-0

[Event "40th Olympiad Open"]
[Site "Istanbul TUR"]
[Date "2012.09.09"]
[Round "11.36"]
[White "Winants, L"]
[Black "Adly, A"]
[Result "0-1"]
[WhiteElo "2543"]
[BlackElo "2602"]
[EventDate "2012.08.28"]

1. d4 Nf6 2. c4 e6 3. Nc3 d5 4. Bg5 c6 5. e3 Nbd7 6. cxd5 exd5 7. Bd3 Be7 
8. Nge2 O-O 9. Qc2 Re8 10. O-O Nf8 11. f3 Ng6 12. e4 dxe4 13. fxe4 Ng4 14.
 Bxe7 Qxe7 15. Rf3 c5 16. h3 c4 17. hxg4 cxd3 18. Qxd3 Bxg4 19. Rf2 Rad8 
20. Raf1 Qg5 21. Nf4 f6 22. Qc4+ Kh8 23. Nxg6+ Qxg6 24. Qa4 a6 25. Qb4 h5 
26. a4 Rd7 27. Qc5 Red8 28. d5 Re8 29. Rf4 Kh7 30. Qd4 Re5 31. R4f2 h4 32.
 Kh2 Rde7 33. Rf4 Rg5 34. Qf2 Ree5 35. Re1 Rh5 36. Re3 Reg5 37. a5 Qe8 38.
 Nb1 Qe5 39. Na3 Qc7 40. b4 Bd7 41. Rf3 Rg4 42. Qb6 h3 43. g3 Qc1 44. Qf2 
Re5 45. Re3 Re8 46. Nc2 Rc8 47. Re2 Rg5 48. Ne3 Qb1 49. Rc2 Re5 50. Rxc8 
Bxc8 51. Nc4 Re7 52. d6 Rxe4 53. Rxe4 Qxe4 54. Nb6 Bg4 55. Qd2 Be2 56. Qd5
Qc2 57. Qc5 Bc4+ 58. Kxh3 Bf1+ 59. Kh4 g5+ 0-1

[Event "40th TCh-GRE 2012"]
[Site "Achaea GRE"]
[Date "2012.07.02"]
[Round "4.4"]
[White "Sedlak, N"]
[Black "Ragger, M"]
[Result "1/2-1/2"]
[WhiteElo "2556"]
[BlackElo "2670"]
[EventDate "2012.06.30"]

1. d4 d5 2. Bf4 c5 3. e3 Nc6 4. c3 Nf6 5. Nd2 cxd4 6. exd4 Bf5 7. Qb3 Qc8 
8. Ngf3 e6 9. Nh4 Be4 10. Nxe4 dxe4 11. g3 Be7 12. Ng2 O-O 13. Be2 Nd5 14.
 Bd2 Rd8 15. O-O Qd7 16. f3 Nf6 17. fxe4 Nxe4 18. Be3 Bg5 19. Bxg5 Nxg5 
20. Rad1 Ne4 21. Nf4 Nf6 22. Bf3 Qc7 23. Bg2 Rd7 24. Nd3 Rc8 25. Bxc6 bxc6
26. Rde1 Re7 27. Qc4 Nd7 28. b4 Qb6 29. Ne5 Qb5 30. Qb3 Nxe5 31. Rxe5 Qd3 
32. Rd1 Qf3 33. Rf1 Qd3 34. Rd1 1/2-1/2

[Event "4th GM POL-UKR Match"]
[Site "Lublin POL"]
[Date "2012.05.25"]
[Round "2"]
[White "Socko, B"]
[Black "Kryvoruchko, Y"]
[Result "1/2-1/2"]
[WhiteElo "2635"]
[BlackElo "2676"]
[EventDate "2012.05.24"]

1. d4 Nf6 2. c4 e6 3. Nf3 d5 4. Nc3 Nbd7 5. cxd5 exd5 6. Bf4 c6 7. e3 Nh5 
8. Bg5 Be7 9. Bxe7 Qxe7 10. Be2 Nhf6 11. O-O O-O 12. a3 Ne4 13. Nxe4 dxe4 
14. Nd2 Nf6 15. Qc2 Bf5 16. b4 a6 17. Qc5 Qe6 18. Bc4 Nd5 19. Rfc1 b6 20. 
Bxd5 cxd5 21. Qc6 Rfc8 22. Qxe6 Bxe6 23. Nb3 Bd7 24. Rxc8+ Rxc8 25. Rc1 
Kf8 26. Rxc8+ Bxc8 27. h4 h6 28. Nc1 Ke7 29. Ne2 g5 30. hxg5 hxg5 31. Nc3 
Kd6 32. Kf1 Bg4 33. Ke1 f6 34. Kd2 Bh5 35. Kc2 Be8 36. a4 a5 37. b5 Bh5 
38. Kd2 Ke6 39. Ke1 f5 40. Kf1 f4 41. Kg1 f3 1/2-1/2

[Event "5th Mayors Cup 2012"]
[Site "Mumbai IND"]
[Date "2012.06.13"]
[Round "9.2"]
[White "Gomez, Joh"]
[Black "Deviatkin, A"]
[Result "1/2-1/2"]
[WhiteElo "2507"]
[BlackElo "2577"]
[EventDate "2012.06.07"]

1. d4 d5 2. c4 c6 3. Nf3 Nf6 4. Nc3 e6 5. Bg5 Nbd7 6. cxd5 exd5 7. e3 Be7 
8. Bd3 O-O 9. Qc2 Re8 10. O-O Nf8 11. Rab1 a5 12. Ne5 Ng4 13. Bxe7 Rxe7 
14. Nxg4 Bxg4 15. Bf5 Bxf5 16. Qxf5 1/2-1/2

[Event "5th Paleochora Open"]
[Site "Paleochora GRE"]
[Date "2012.07.22"]
[Round "8.1"]
[White "Volkov, Sergey1"]
[Black "Rychagov, A"]
[Result "1/2-1/2"]
[WhiteElo "2594"]
[BlackElo "2517"]
[EventDate "2012.07.16"]

1. d4 d5 2. c4 e6 3. Nc3 Nf6 4. cxd5 exd5 5. Bg5 Be7 6. e3 O-O 7. Nf3 Nbd7
8. Bd3 c6 9. Qc2 Re8 10. O-O Nf8 11. h3 g6 12. Bh6 Bd6 13. Rab1 Ne6 14. b4
a6 15. a4 Ng7 16. b5 axb5 17. axb5 Nf5 18. bxc6 bxc6 19. Bg5 h6 20. Bxf6 
Qxf6 21. Na4 Ne7 22. Nb6 Ra7 23. Nxc8 Rxc8 24. Rb6 Bc7 25. Ra6 Rxa6 26. 
Bxa6 Rb8 27. Bd3 Bd6 28. Rc1 Rc8 29. Qa4 c5 30. dxc5 Rxc5 31. Rd1 Qb2 32. 
g3 Rc1 33. Rxc1 Qxc1+ 34. Kg2 Qc3 35. Qb5 Kg7 36. h4 Qf6 37. Bc2 Qc3 38. 
Bb3 Qb4 39. Qd3 Qe4 40. Qd1 Qf5 41. Nd4 Qe4+ 42. Kg1 Qe5 43. Ne2 Qe6 44. 
Qd2 Kh7 45. Qd3 Be5 46. h5 Kg7 47. hxg6 fxg6 48. Qb5 Qd6 49. Qe8 h5 50. 
Bc2 Kh6 51. Kg2 Qf6 52. f4 Bd6 53. Kf3 Bc5 54. Qb5 Qb6 55. Qxb6 Bxb6 56. 
Nc3 Ba5 57. Nb5 Kg7 58. Bd3 Kf6 59. Bb1 Nc6 60. Bd3 1/2-1/2

[Event "65th ch-RUS HL"]
[Site "Tyumen RUS"]
[Date "2012.06.17"]
[Round "2"]
[White "Grachev, B"]
[Black "Bezgodov, A"]
[Result "1-0"]
[WhiteElo "2680"]
[BlackElo "2508"]
[EventDate "2012.06.16"]

1. d4 d5 2. c4 e6 3. Nc3 Nf6 4. cxd5 exd5 5. Bg5 c6 6. e3 Bf5 7. Qf3 Be6 
8. Bxf6 Qxf6 9. Qxf6 gxf6 10. Nf3 Nd7 11. Bd3 Nb6 12. O-O-O Nc8 13. Ne2 
Nd6 14. Ng3 Be7 15. Nh4 Kd7 16. Nhf5 Nxf5 17. Nxf5 Bf8 18. h4 Rg8 19. Rhg1
Kc7 20. Kd2 b6 21. Ng3 Bb4+ 22. Kc1 Bd6 23. Nh5 Bh2 24. Nxf6 Bxg1 25. Rxg1
Rg7 26. g4 h6 27. f4 Rh8 28. f5 Bc8 29. Rf1 Kd6 30. Rf4 c5 31. Bb5 cxd4 
32. exd4 Ke7 33. Nxd5+ Kd8 34. Nf6 Bb7 35. d5 a6 36. Ba4 b5 37. Bb3 Kc7 
38. Kd2 Kd6 39. Ke3 Ke5 40. Nd7+ Kd6 41. Nf6 Ke5 42. Nh5 Rgg8 43. Re4+ Kd6
44. Kd4 Rc8 45. Nf6 Rc1 46. Ne8+ Kd7 47. Nf6+ Kd6 48. Re5 Rd8 49. Ne4+ Kc7
50. Re7+ Kb6 51. Rxf7 Bxd5 52. Bxd5 Rd1+ 53. Ke3 R8xd5 54. Rf6+ Ka5 55. 
Rxh6 Re1+ 56. Kf4 Re2 57. Re6 Rxb2 58. f6 Rd8 59. a3 Rb1 60. g5 Rf1+ 61. 
Ke5 Rh8 62. g6 Rxh4 63. g7 Rg4 64. Re8 Re1 65. Kd4 Rd1+ 66. Ke3 Re1+ 67. 
Kf3 1-0

[Event "8th RUS-CHN Summit Men Rapid"]
[Site "St Petersburg RUS"]
[Date "2012.07.08"]
[Round "10"]
[White "Ding Liren"]
[Black "Nepomniachtchi, I"]
[Result "0-1"]
[WhiteElo "2680"]
[BlackElo "2718"]
[EventDate "2012.07.07"]

1. Nf3 d5 2. d4 Nc6 3. c4 Bg4 4. Nc3 e6 5. cxd5 exd5 6. Bf4 Nf6 7. e3 Bd6 
8. Bg5 Ne7 9. Be2 c6 10. Bxf6 gxf6 11. Nh4 Be6 12. Bd3 Qb6 13. Rb1 c5 14. 
dxc5 Bxc5 15. O-O Bd6 16. Bb5+ Nc6 17. Rc1 a6 18. Ba4 O-O-O 19. Bxc6 bxc6 
20. Na4 Qb5 21. Nf3 Bg4 22. Nc3 Qb7 23. h3 Bh5 24. Qc2 Bg6 25. Qa4 Kb8 26.
 Ne2 Qb5 27. Qd1 c5 28. b4 c4 29. Nfd4 Qb7 30. Qa4 Rc8 31. b5 axb5 32. 
Nxb5 Bc5 33. Ned4 Qa8 34. Qd1 Qa6 35. Qf3 Bxd4 36. Nxd4 Rhd8 37. Rc3 Be4 
38. Qf4+ Qd6 39. Qh4 Rg8 40. f3 Bd3 41. Rf2 Ka8 42. Nb5 Qe5 43. Rb2 Kb7 
44. Qe1 Rb8 45. Qc1 Kc6 46. Rxd3 Rxb5 47. Rxb5 Kxb5 48. Ra3 Rb8 49. Ra7 
Kc6 50. Rxf7 Qb2 51. Qf1 Qc2 0-1

[Event "Amplico ch-EUR Blitz"]
[Site "Warsaw POL"]
[Date "2012.12.14"]
[Round "5.1"]
[White "Popov, Val"]
[Black "Fridman, D"]
[Result "0-1"]
[WhiteElo "2557"]
[BlackElo "2667"]
[EventDate "2012.12.14"]

1. c4 e6 2. Nc3 d5 3. d4 Be7 4. cxd5 exd5 5. Bf4 Nf6 6. e3 Bf5 7. Qb3 Nc6 
8. Rc1 O-O 9. Nf3 Na5 10. Qa4 c6 11. Be2 b5 12. Qd1 Nc4 13. b3 Nb6 14. Bd3
Bxd3 15. Qxd3 a5 16. Ne5 Rc8 17. O-O Nfd7 18. Nf3 Ba3 19. Rc2 Qe7 20. h3 
h6 21. Nb1 Bd6 22. Bxd6 Qxd6 23. Rfc1 a4 24. Nc3 axb3 25. axb3 Qa3 26. Nb1
Qd6 27. Nbd2 Rfe8 28. Nh4 g6 29. Nhf3 Re6 30. Rc3 Qa3 31. Nf1 b4 32. R3c2 
Nc4 33. N1d2 Nxd2 34. Nxd2 Qa5 35. Qe2 Qb6 36. Qg4 Nf6 37. Qf4 Kg7 38. Nf3
Nd7 39. Nh2 Rf6 40. Qg4 Re6 41. Qh4 h5 42. Nf3 Ra8 43. Ng5 Rf6 44. Qg3 Ra3
45. Rb2 Qa7 46. h4 Ra1 47. Rc2 Qa3 48. Rxa1 Qxa1+ 49. Kh2 Qb1 50. Re2 Qxb3
51. Qc7 Nf8 52. e4 Qc4 53. e5 Rf5 54. e6 Qxe2 55. e7 Rxf2 56. Kh3 Qg4+ 0-1

[Event "Amplico ch-EUR Blitz"]
[Site "Warsaw POL"]
[Date "2012.12.14"]
[Round "8.1"]
[White "Kempinski, R"]
[Black "Petrosian, TL"]
[Result "1/2-1/2"]
[WhiteElo "2599"]
[BlackElo "2648"]
[EventDate "2012.12.14"]

1. d4 d5 2. c4 c6 3. e3 Nf6 4. Nf3 Bf5 5. Nc3 e6 6. Nh4 Bg6 7. Qb3 Qc7 8. 
Bd2 Nbd7 9. Rc1 Nb6 10. cxd5 exd5 11. a4 a5 12. h3 Bb4 13. Nxg6 hxg6 14. 
Bd3 g5 15. Nb5 Qe7 16. Na3 Bxd2+ 17. Kxd2 Qb4+ 18. Qxb4 axb4 19. Nc2 b3 
20. Na1 Rxa4 21. Nxb3 Ra2 22. Kc2 g4 23. hxg4 Rxh1 24. Rxh1 Nxg4 25. Rh8+ 
Ke7 26. Rb8 Ra7 27. Nc5 Nxf2 28. Rxb7+ Rxb7 29. Nxb7 g6 30. b3 Nd7 31. Be2
f5 32. b4 Ne4 33. b5 cxb5 34. Bxb5 Ndf6 35. Kd3 Ng4 36. Nc5 Ngf2+ 37. Ke2 
Kd6 38. Nxe4+ Nxe4 39. Bd3 Ng5 40. g4 fxg4 41. Bxg6 Ke6 42. Kf2 Kf6 43. 
Bd3 Nf7 44. Kg3 Kg5 45. e4 dxe4 46. Bxe4 Nd6 47. Bd3 1/2-1/2

[Event "Asian Nations Chess Cup"]
[Site "Zaozhuang CHN"]
[Date "2012.05.23"]
[Round "6.1"]
[White "Megaranto, S"]
[Black "Gundavaa, B"]
[Result "1-0"]
[WhiteElo "2517"]
[BlackElo "2516"]
[EventDate "2012.05.17"]

1. d4 Nf6 2. Nf3 e6 3. c4 d5 4. cxd5 exd5 5. Nc3 c6 6. Bg5 Be7 7. e3 Bf5 
8. Bxf6 Bxf6 9. Bd3 Bxd3 10. Qxd3 Nd7 11. O-O O-O 12. b4 a6 13. a4 b5 14. 
axb5 axb5 15. Rxa8 Qxa8 16. e4 dxe4 17. Nxe4 Be7 18. Qc3 Nb6 19. Ra1 Na4 
20. Qc2 Qb7 21. Ne5 Rc8 22. Rc1 Nb6 23. Nc5 Qa8 24. Qf5 Rf8 25. Ne6 Qa3 
26. Rf1 g6 27. Qg4 f5 28. Qe2 Rc8 29. Nf4 Bf6 30. Nxc6 Kg7 31. Ne6+ Kh8 
32. Ned8 Bxd8 33. Qe8+ Kg7 34. Nxd8 Qxb4 35. Qf7+ Kh6 36. Ne6 1-0

[Event "Casino Barcelona Masters"]
[Site "Barcelona ESP"]
[Date "2012.10.23"]
[Round "1.3"]
[White "Sokolov, Ivan"]
[Black "Aroshidze, L"]
[Result "0-1"]
[WhiteElo "2690"]
[BlackElo "2560"]
[EventDate "2012.10.23"]

1. d4 Nf6 2. c4 e6 3. Nc3 Bb4 4. e3 O-O 5. Bd3 d5 6. cxd5 exd5 7. Ne2 Re8 
8. Bd2 Bd6 9. Rc1 c6 10. O-O Ng4 11. g3 Nf6 12. f3 Nbd7 13. g4 c5 14. Qe1 
cxd4 15. exd4 Nb6 16. Qh4 h6 17. b3 Bd7 18. Kh1 Nh7 19. Qf2 Ng5 20. Kg2 
Ne6 21. f4 Bc6 22. g5 Ba3 23. Rcd1 Nc5 24. Bb1 Ne4 25. Bxe4 dxe4 26. Be3 
Qd6 27. gxh6 Qxh6 28. f5 Qh5 29. d5 Bd7 30. Ng3 Qg4 31. h3 Qh4 32. Rd4 Bc5
33. Rxe4 Bxe3 34. Rxh4 Bxf2 35. Rxf2 Nxd5 36. Nxd5 Bc6 37. Kf1 Bxd5 38. 
Rg4 Rac8 39. Rd2 Re5 40. Kf2 Rc3 41. Rf4 f6 42. h4 Kf7 43. Re2 Rxg3 0-1

[Event "Chigorin Mem Rapid"]
[Site "St Petersburg RUS"]
[Date "2012.10.26"]
[Round "8.6"]
[White "Timofeev, Arty"]
[Black "Socko, B"]
[Result "1-0"]
[WhiteElo "2631"]
[BlackElo "2619"]
[EventDate "2012.10.25"]

1. c4 e6 2. Nc3 d5 3. d4 Be7 4. cxd5 exd5 5. Bf4 c6 6. e3 Bf5 7. g4 Be6 8.
 h3 h5 9. gxh5 Nf6 10. Be2 Nbd7 11. h4 Qb6 12. Na4 Qb4+ 13. Kf1 b5 14. Nc5
Nxc5 15. dxc5 Qxb2 16. a4 bxa4 17. Qxa4 Bd7 18. Nf3 Rxh5 19. Ne1 Rf5 20. 
Ra2 Qc1 21. Rc2 Qb1 22. Kg2 a5 23. Nd3 Qb5 24. Qa1 a4 25. Rb1 Qa5 26. Rcb2
Kf8 27. Rb8+ Rxb8 28. Rxb8+ Be8 29. Ne5 Qxc5 30. Bd3 Rh5 31. Qxa4 Rxh4 32.
 Bf5 g5 33. Rxe8+ Kg7 34. Nd3 Qc4 35. Qxc4 dxc4 36. Rxe7 cxd3 37. Be5 d2 
38. Rd7 1-0

[Event "Chigorin Mem Rapid"]
[Site "St Petersburg RUS"]
[Date "2012.10.26"]
[Round "8.9"]
[White "Lenderman, A"]
[Black "Malakhatko, V"]
[Result "1-0"]
[WhiteElo "2614"]
[BlackElo "2558"]
[EventDate "2012.10.25"]

1. d4 d5 2. c4 c6 3. Nf3 Nf6 4. Nc3 e6 5. Bg5 Nbd7 6. e3 Qa5 7. cxd5 exd5 
8. Bd3 Ne4 9. O-O Nxg5 10. Nxg5 Nf6 11. e4 dxe4 12. Ngxe4 Nxe4 13. Bxe4 
Be6 14. d5 Rd8 15. Re1 cxd5 16. Bxd5 Bb4 17. Rxe6+ fxe6 18. Qh5+ Kf8 19. 
Qf3+ Ke7 20. Bxe6 Rhf8 21. Qe4 Bxc3 22. bxc3 Qc5 23. Bc8+ Kf6 24. Re1 g6 
25. Qh4+ Kf7 26. Qxh7+ Kf6 27. Re6+ 1-0

[Event "Chigorin Memorial"]
[Site "St Petersburg RUS"]
[Date "2012.11.04"]
[Round "9.2"]
[White "Eljanov, P"]
[Black "Shimanov, A"]
[Result "1/2-1/2"]
[WhiteElo "2681"]
[BlackElo "2599"]
[EventDate "2012.10.27"]

1. d4 d5 2. c4 e6 3. Nc3 Be7 4. cxd5 exd5 5. Bf4 c6 6. e3 Bf5 7. Nge2 Nd7 
8. Rc1 Nb6 9. Ng3 Bg6 10. Nh5 Bxh5 11. Qxh5 Bd6 12. Bg5 Be7 13. Bf4 Bd6 
14. Bg3 Nf6 15. Qd1 g6 16. Bh4 O-O 17. Be2 Be7 18. f3 Ne8 19. Bf2 Nd6 20. 
Rc2 f5 21. O-O Bh4 22. g3 Bg5 23. Bd3 Nd7 24. Re2 Nf6 25. Kg2 Qc7 26. Na4 
Rae8 27. b3 Rf7 28. h3 Rfe7 29. Rfe1 Qc8 30. Bc2 Bh6 31. Nb2 Kh8 32. a4 
Nf7 33. Nd3 Kg8 34. Qd2 Ng5 35. Ne5 Nf7 36. Nd3 Ng5 37. Ne5 Nf7 38. Nd3 
1/2-1/2

[Event "DEM der DSJ GM Duell"]
[Site "Oberhof GER"]
[Date "2012.05.29"]
[Round "1.2"]
[White "Gustafsson, J"]
[Black "Baramidze, D"]
[Result "1/2-1/2"]
[WhiteElo "2625"]
[BlackElo "2611"]
[EventDate "2012.05.29"]

1. d4 Nf6 2. c4 e6 3. Nc3 d5 4. cxd5 exd5 5. Bg5 Be7 6. e3 c6 7. Bd3 Nbd7 
8. Nge2 Nh5 9. Bxe7 Qxe7 10. g4 Nhf6 11. Ng3 Nf8 12. g5 Ng8 13. h4 h6 14. 
gxh6 Nxh6 15. Qa4 Bd7 16. h5 Ng4 17. Qc2 Qf6 18. Bf5 Nh6 19. Bxd7+ Nxd7 
20. O-O-O Qf3 21. Rh4 Qf6 22. Rf4 Qd6 23. Rg1 Nf6 24. Nf5 Nxf5 25. Rxf5 
Nxh5 26. Qb3 O-O-O 27. Rxf7 Rd7 28. Rxd7 Qxd7 29. Na4 b6 30. Qd3 Nf6 31. 
Kb1 Rh2 32. Qa6+ Kb8 33. Nxb6 axb6 34. Qxb6+ Qb7 35. Qd8+ Ka7 36. Qa5+ Kb8
37. Qd8+ Ka7 38. Qa5+ 1/2-1/2

[Event "Mitropa Cup 2012"]
[Site "Sibenik CRO"]
[Date "2012.06.05"]
[Round "6"]
[White "Doric, D"]
[Black "Dvirnyy, D"]
[Result "1/2-1/2"]
[WhiteElo "2513"]
[BlackElo "2515"]
[EventDate "2012.05.31"]

1. d4 d5 2. c4 e6 3. Nc3 Nf6 4. cxd5 exd5 5. Bg5 Be7 6. e3 c6 7. Bd3 Nbd7 
8. Qc2 O-O 9. Nge2 Re8 10. O-O Nf8 11. a3 Ng6 12. b4 a6 13. Bxf6 Bxf6 14. 
a4 Be7 15. b5 a5 16. bxc6 bxc6 17. Nb1 Bd7 18. Nd2 Bd6 19. Nb3 Re7 20. Nc5
Bc8 21. Rab1 Nf8 22. Ng3 g6 23. Rb3 Rb8 24. Rxb8 Bxb8 25. Rb1 Bd6 26. Ba6 
Bxa6 27. Nxa6 Qc8 28. Nc5 Nd7 29. Nxd7 Rxd7 30. Ne2 Rb7 31. Rxb7 Qxb7 32. 
Nc1 Kf8 33. Nd3 Qb6 34. h4 h5 35. g3 Kg8 36. Kg2 Kf8 37. Qd1 Ke7 38. Qc2 
Kf8 39. f4 f5 40. Ne5 Bxe5 41. fxe5 Ke7 42. Kf3 Kd7 43. Kf4 Qb4 44. e6+ 
Ke7 45. Qxc6 Qb8+ 46. Kf3 Qd8 47. Kf2 Qd6 48. Qb5 Qc7 49. Kf3 Kxe6 50. 
Qe8+ Kf6 51. Qh8+ Ke6 52. Qg8+ Kf6 53. Qxd5 Qc2 54. Qe5+ Kf7 55. Kf4 Qxa4 
56. Kg5 Qe8 57. Qf6+ Kg8 58. d5 Qxe3+ 59. Kxg6 Qe8+ 60. Kxf5 Qf7 61. d6 a4
62. Ke5 a3 63. Qg5+ Kf8 64. Qh6+ Kg8 65. Qg5+ Kf8 66. Qh6+ Ke8 67. d7+ 
Qxd7 68. Qh8+ 1/2-1/2

[Event "Moscow Open 2012 A"]
[Site "Moscow RUS"]
[Date "2012.01.29"]
[Round "4.3"]
[White "Aleksandrov, A"]
[Black "Shimanov, A"]
[Result "1/2-1/2"]
[WhiteElo "2612"]
[BlackElo "2549"]
[EventDate "2012.01.28"]

1. d4 d5 2. c4 e6 3. Nc3 Be7 4. cxd5 exd5 5. Bf4 c6 6. Qc2 Nf6 7. e3 Nh5 
8. Be5 Nd7 9. Be2 Nxe5 10. dxe5 g6 11. Bxh5 gxh5 12. Rd1 f6 13. exf6 Bxf6 
14. Nge2 O-O 15. O-O Qe8 16. e4 dxe4 17. Nxe4 Bg7 18. N2c3 Bf5 19. Qb3+ 
Qe6 20. Qxe6+ Bxe6 21. Rd6 Rae8 22. Re1 b5 23. a3 a5 24. h4 b4 25. axb4 
axb4 26. Na4 Bd5 27. Nf6+ Bxf6 28. Rxe8 Rxe8 29. Rxf6 Re1+ 30. Kh2 Re4 31.
 f3 Rxh4+ 32. Kg3 Rc4 33. Nb6 Rc2 34. Nxd5 cxd5 35. b3 Rb2 36. Rd6 Rxb3 
37. Rxd5 Rb2 38. Rxh5 b3 39. Rb5 Kf7 40. Rb7+ Kg6 41. Rb6+ Kf7 1/2-1/2

[Event "Moscow Open 2012 A"]
[Site "Moscow RUS"]
[Date "2012.02.03"]
[Round "7.16"]
[White "Volkov, Sergey1"]
[Black "Lu Shanglei"]
[Result "1/2-1/2"]
[WhiteElo "2633"]
[BlackElo "2516"]
[EventDate "2012.01.28"]

1. d4 d5 2. c4 e6 3. Nc3 Nf6 4. cxd5 exd5 5. Bg5 c6 6. e3 Be7 7. Qc2 Bg4 
8. Nge2 Nbd7 9. h3 Bh5 10. Ng3 Bg6 11. Nf5 Bxf5 12. Qxf5 Nf8 13. Bd3 Ne6 
14. Bh4 g6 15. Qf3 Nh5 16. Bxe7 Qxe7 17. O-O-O O-O-O 18. g4 Nhg7 19. h4 h5
20. g5 Ne8 21. Qh3 Kb8 22. Kb1 Nd6 23. Ne2 Rhe8 24. Rc1 Ng7 25. Ng1 Ne4 
26. Nf3 c5 27. dxc5 Nxc5 28. Bc2 Ne4 29. Nd4 a6 30. Rhd1 Ka8 31. Qg2 Qd7 
32. a3 Rc8 33. Ne2 Qb5 34. Nd4 Qd7 35. Ka1 Ne6 36. Bxe4 Rxc1+ 37. Rxc1 
dxe4 38. Qxe4 Nxd4 39. Qxd4 Qxd4 40. exd4 Re4 41. Rc7 Rxh4 42. Rxf7 Rxd4 
43. Rf6 Rd2 44. Ka2 h4 45. f4 Rf2 1/2-1/2

[Event "Nakhchivan Open 2012"]
[Site "Nakhchivan AZE"]
[Date "2012.05.03"]
[Round "6.3"]
[White "Volkov, Sergey1"]
[Black "Grachev, B"]
[Result "0-1"]
[WhiteElo "2623"]
[BlackElo "2705"]
[EventDate "2012.04.28"]

1. d4 d5 2. c4 e6 3. Nc3 Be7 4. cxd5 exd5 5. Bf4 c6 6. e3 Bf5 7. g4 Be6 8.
 Bd3 Nd7 9. Bf5 Nf8 10. Nf3 h5 11. Bxe6 Nxe6 12. gxh5 Nxf4 13. exf4 Nf6 
14. Ne5 Qc8 15. Qb3 Nxh5 16. Ne2 Nf6 17. Ng3 Ng4 18. Rc1 Nxe5 19. fxe5 Rh4
20. Rd1 Qd7 21. Qf3 g6 22. O-O O-O-O 23. Rfe1 Qe6 24. Qg2 Bg5 25. Re2 Rdh8
26. Rd3 Bf4 27. Rc2 Kb8 28. b4 g5 29. Rcc3 f6 30. exf6 Qxf6 31. b5 cxb5 
32. Qxd5 Rxh2 33. Qf3 a6 34. Nf1 R2h4 35. d5 Qh6 36. Kg2 Rg4+ 0-1

[Event "Remco Heite Inv"]
[Site "Wolvega NED"]
[Date "2012.11.17"]
[Round "3.1"]
[White "Fridman, D"]
[Black "Sokolov, Ivan"]
[Result "1/2-1/2"]
[WhiteElo "2668"]
[BlackElo "2677"]
[EventDate "2012.11.16"]

1. d4 d5 2. c4 e6 3. Nc3 Be7 4. cxd5 exd5 5. Bf4 Nf6 6. e3 Bf5 7. Nge2 O-O
8. Ng3 Be6 9. Bd3 Re8 10. O-O c6 11. a3 a5 12. Rb1 Na6 13. Nf5 Bf8 14. Qf3
Ne4 15. Nxe4 Bxf5 16. Nc5 Nxc5 17. Bxf5 Ne4 18. Qd1 g6 19. Bxe4 dxe4 20. 
Qb3 Qd7 21. a4 1/2-1/2

[Event "Reykjavik Open"]
[Site "Reykjavik ISL"]
[Date "2012.03.13"]
[Round "9.4"]
[White "Steingrimsson, H"]
[Black "Kryvoruchko, Y"]
[Result "1/2-1/2"]
[WhiteElo "2556"]
[BlackElo "2666"]
[EventDate "2012.03.06"]

1. d4 Nf6 2. Nf3 d5 3. c4 e6 4. Nc3 Nbd7 5. cxd5 exd5 6. Bg5 c6 7. e3 Be7 
8. Qc2 Nh5 9. Bxe7 Qxe7 10. O-O-O Nb6 11. Bd3 Be6 12. Kb1 O-O-O 13. Ka1 
Nf6 14. Rb1 Kb8 15. Rhc1 Rc8 16. Nd2 Ne8 17. Nb3 Nd6 18. Nc5 g6 19. f3 
Rhe8 20. e4 dxe4 21. fxe4 f5 22. e5 Ndc4 23. Ne2 Ne3 24. Qd2 Ned5 25. b4 
Nd7 26. Rb2 Red8 27. Rcb1 Rc7 28. g3 Kc8 29. Nxe6 Qxe6 30. Bc4 N7b6 31. 
Bb3 Qe7 32. a3 Kb8 33. h4 Rcd7 34. Qc1 Nc7 35. Rd2 Nbd5 36. Rd3 Ne6 37. 
Ba2 Ndc7 38. Qb2 h6 39. a4 a6 40. Bc4 b5 41. Bxe6 Nxe6 42. Rc1 Rc7 43. Qc3
g5 44. hxg5 hxg5 45. Rf1 Qh7 46. a5 Kb7 47. Rdf3 Rf7 48. Rc1 Rc7 49. Rcf1 
Rf7 50. Rc1 1/2-1/2